LIBRARY & INFORMATION CENTRE, KCAET, TAVANUR

ONLINE PUBLIC ACCESS CATALOGUE (OPAC)

Fundamentals of thermochenical Biomass Conversion / (Record no. 3392)

MARC details
000 -LEADER
fixed length control field 00479cam a2200181ua 4500
041 ## - LANGUAGE CODE
Language code of text/sound track or separate title eng
082 ## - DEWEY DECIMAL CLASSIFICATION NUMBER
Classification number 662.88
Item number OVE/FU
100 ## - MAIN ENTRY--AUTHOR NAME
Personal name Overend, R P .
245 ## - TITLE STATEMENT
Title Fundamentals of thermochenical Biomass Conversion /
250 ## - EDITION STATEMENT
Edition statement 1 /
260 ## - PUBLICATION, DISTRIBUTION, ETC. (IMPRINT)
Place of publication :
Name of publisher Elsevier applied science publishers ,
Year of publication 1961.
300 ## - PHYSICAL DESCRIPTION
Number of Pages 1159 ; .
700 1# - ADDED ENTRY--PERSONAL NAME
Personal name Mile, T A .
700 1# - ADDED ENTRY--PERSONAL NAME
Personal name Mudge, L K .
942 ## - ADDED ENTRY ELEMENTS (KOHA)
Koha item type Books
Holdings
Withdrawn status Lost status Damaged status Home library Current library Date acquired Full call number Accession Number Koha item type
      KAUAET KAUAET 27/03/1987 662.88 16286 Books
free website counter